| 000 | 00822nam a22002177a 4500 | ||
|---|---|---|---|
| 005 | 20241017112005.0 | ||
| 008 | 241009b |||||||| |||| 00| 0 eng d | ||
| 020 | _a9789719820017 | ||
| 082 | _aDFIL 155.2 M119 2022 | ||
| 100 |
_aMacayan, Jonathan Veran. _940819 |
||
| 245 |
_aUnderstanding the self / _cJonathan Veran Macayan, Jasmine Nadja Junghan-Pinugu, and John Christopher Dimasaka Castillo. |
||
| 250 | _aSecond edition. | ||
| 260 |
_aQuezon City : _bC&E Publishing, Inc., _c©2022. |
||
| 300 |
_aix, 325 pages : _billustrations ; _c22 cm. |
||
| 500 | _aIncludes bibliography and index. | ||
| 650 | 0 |
_aPersonality. _963123 |
|
| 650 | 0 |
_aSelf-perception. _933056 |
|
| 700 |
_aPinugu, Jasmine Nadja Junghan. _eauthor. _940823 |
||
| 700 |
_aCastillo, John Christopher Dimasaka. _eauthor. _940824 |
||
| 942 |
_2ddc _cDFIL |
||
| 999 |
_c22367 _d22367 |
||